000 00397 a2200133 4500
005 20250416081133.0
082 _a657.45 IFAC
111 _aIFAC
245 _aInternational Auditing, Assurance and Ethics Pronouncements
260 _aNew York,
_bIAASB,
_c2002.
300 _a955p.: ill.; table.
_bReferences.
_c30cm.
856 _yAccess online book
_fAuditing
_dhttp://www.iaasb.org.
942 _2ddc
_cBKS
999 _c1499
_d1499